Countries at 45°E Longitude - Statistics

General Stats
  • This quiz has been taken 20 times
  • The average score is 10 of 11
Answer Stats
Country % Correct
Iran
100%
Iraq
100%
Saudi Arabia
100%
Yemen
100%
Madagascar
94%
Russia
94%
Somalia
94%
Armenia
89%
Azerbaijan
89%
Ethiopia
89%
Georgia
89%
No matching quizzes found
Score Distribution
Percent of People with Each Score
Percentile by Number Answered
Your Score History
You have not taken this quiz